000
00311nam a22001097a 4500
999
_c
4144
_d
4144
008
250122b ||||| |||| 00| 0 eng d
020
_a
9781426330421
082
_a
932 DRI
100
_a
STEPHANIE WARREN DRIMMER
_e
DRIMMER,STEPHANIE WARREN
245
_a
ANCIENT EGYPT
942
_2
ddc
_h
932 DRI